[Event "AUTO-INT-1530"]
[Site "http://www.queenalice.com/game.php?id=689954"]
[Date "2009.11.28"]
[Round "1"]
[White "Barrettto"]
[Black "karplak3"]
[Result "0-1"]
[WhiteElo "1605"]
[BlackElo "1677"]

1. e3 Nf6 2. Qf3 e5 3. d3 Nc6 4. c4 Bc5 5. Qd1 O-O 6. Nc3 d5 7. cxd5 Nxd5 8. Nh3
Bf5 9. g4 Be6 10. e4 Nf6 11. f4 Nxg4 12. Na4 Qh4+ 13. Ke2 Bb4 14. Be3 exf4 15.
Bg1 f3+ 16. Kxf3 Qf6+ 17. Kg2 Nce5 18. Bd4 Qg6 19. Qc1 Ne3+ 20. Kf2 Qf6+ 21.
Kxe3 Qf3# 0-1

[Event "AUTO-INT-1530"]
[Site "http://www.queenalice.com/game.php?id=689955"]
[Date "2009.11.28"]
[Round "1"]
[White "karplak3"]
[Black "Barrettto"]
[Result "0-1"]
[WhiteElo "1690"]
[BlackElo "1636"]

1. e4 e6 2. d4 d5 3. Nc3 dxe4 4. Bc4 f5 5. Nge2 Bd6 6. Bf4 Bxf4 7. Nxf4 c6 8.
Nxe6 Qd7 9. O-O Nh6 10. Qh5+ Nf7 11. Nc5 g6 12. Qh4 Qxd4 13. Be6 Qxc5 14. Qf6
O-O 15. Bb3 b5 16. Rad1 Nd7 17. Bxf7+ Rxf7 18. Qe6 b4 19. Ne2 Ba6 20. Rxd7 Bc4
21. Qd6 Qxd6 22. Rxd6 Bxe2 23. Re1 Bc4 24. b3 Bb5 25. a4 bxa3 26. c4 Ba6 27.
Rxc6 Bb7 28. Rd6 Kf8 29. Red1 Ke8 30. b4 f4 31. Ra1 Rd7 32. c5 Rxd6 33. cxd6 Kd7
34. Rxa3 Rc8 35. h3 a6 36. Kh2 Kxd6 37. f3 e3 0-1

[Event "AUTO-INT-1530"]
[Site "http://www.queenalice.com/game.php?id=689956"]
[Date "2009.11.28"]
[Round "1"]
[White "Barrettto"]
[Black "vult0"]
[Result "0-1"]
[WhiteElo "1617"]
[BlackElo "1823"]

1. e3 d5 2. Nc3 e6 3. d4 Nf6 4. f3 Bb4 5. a3 Bxc3+ 6. bxc3 O-O 7. c4 c6 8. c5 b5
9. f4 Ne4 10. Bd2 a5 11. Bd3 f5 12. Nf3 Nd7 13. h4 Ndf6 14. Ng5 Nxg5 15. hxg5
Ng4 16. O-O Qe8 17. a4 Qh5 18. Rf3 Qh2+ 19. Kf1 Qh5 20. Rh3 Qg6 21. axb5 cxb5
22. Bxa5 Bd7 23. Qe2 Rab8 24. Bb6 Bc6 25. Bxb5 Qe8 26. Bd3 Qd7 27. Ra7 Rb7 28.
Rxb7 Qxb7 29. c4 Ra8 30. Qb2 g6 31. cxd5 Bxd5 32. g3 Nxe3+ 33. Ke1 Ng2+ 34. Kf1
Ne3+ 35. Ke1 Ng4 36. Be2 Ne3 37. Qc1 Ng2+ 38. Kd1 Bf3 39. g4 Bxe2+ 40. Kxe2 Qe4+
41. Kd1 Qe1+ 42. Kc2 Qe2+ 43. Kc3 Ra4 44. Qb2 Qc4+ 45. Kd2 Ra2 46. Qxa2 Qxa2+
47. Kc1 Qa1+ 48. Kd2 Qxd4+ 49. Rd3 Qxf4+ 50. Kc3 Qc1+ 51. Kd4 Ne1 52. Rc3 Qf4#
0-1

[Event "AUTO-INT-1530"]
[Site "http://www.queenalice.com/game.php?id=689957"]
[Date "2009.11.28"]
[Round "1"]
[White "vult0"]
[Black "Barrettto"]
[Result "1-0"]
[WhiteElo "1769"]
[BlackElo "1654"]

1. e4 e6 2. d4 f6 3. Nf3 c6 4. Nfd2 c5 5. c3 cxd4 6. cxd4 Bd6 7. Bd3 Nc6 8. Nf3
g5 9. Nc3 b6 10. O-O e5 11. d5 Nd4 12. Nxd4 exd4 13. Nb5 Bb8 14. Be2 Be5 15.
Bh5+ Ke7 16. d6+ Bxd6 17. Qxd4 Bb8 18. b3 a6 19. Ba3+ d6 20. Nc3 Kd7 21. Rac1
Ne7 22. Rfd1 Kc7 23. Bxd6+ Kb7 24. Bf3 Bxd6 25. e5+ Nc6 26. exd6 Bd7 27. Bxc6+
Bxc6 28. Ne4 Rf8 29. a4 f5 30. Qg7+ Qd7 31. Qxd7+ Bxd7 32. Rc7+ Kb8 33. Nxg5 Be6
34. Nxe6 Rg8 35. d7 1-0

[Event "AUTO-INT-1530"]
[Site "http://www.queenalice.com/game.php?id=689958"]
[Date "2009.11.28"]
[Round "1"]
[White "Barrettto"]
[Black "Chazam"]
[Result "1-0"]
[WhiteElo "1592"]
[BlackElo "1715"]

1. e4 e5 2. Qh5 Nc6 3. Bc4 g6 4. Qd1 Qe7 5. d3 Bg7 6. Nf3 Na5 7. c3 Nxc4 8. dxc4
Nf6 9. Be3 d6 10. Qa4+ Bd7 11. Qb3 b6 12. Qc2 h6 13. Na3 Ng4 14. Bd2 O-O-O 15.
h3 Nxf2 16. Kxf2 Bc6 17. b4 Rhf8 18. Nb5 Bxb5 19. cxb5 f5 20. a4 fxe4 21. Qxe4
Kb8 22. c4 g5 23. a5 Kc8 24. axb6 cxb6 25. Qa8+ Kd7 26. Rxa7+ Ke6 27. Qd5+ Kf6
28. Rxe7 Kxe7 29. Qb7+ Rd7 30. Qxb6 e4 31. Qe3 Kf7 32. Qxe4 Kg8 33. b6 Rdd8 34.
b7 Rde8 35. Qd5+ Kh8 36. Qxd6 Rd8 37. Qc7 Bd4+ 38. Ke2 Rfe8+ 39. Kd1 Rb8 40.
Nxd4 Red8 41. Nc6 1-0

[Event "AUTO-INT-1530"]
[Site "http://www.queenalice.com/game.php?id=689959"]
[Date "2009.11.28"]
[Round "1"]
[White "Chazam"]
[Black "Barrettto"]
[Result "1-0"]
[WhiteElo "1646"]
[BlackElo "1598"]

1. e4 e6 2. d4 Qh4 3. Bd3 Qd8 4. Nc3 Nc6 5. Nf3 g5 6. Bxg5 Be7 7. Bxe7 Qxe7 8.
Qd2 Qb4 9. Rb1 Qe7 10. Nb5 Qd8 11. d5 exd5 12. exd5 Nb8 13. O-O Ne7 14. Qc3 Na6
15. Qxh8+ Ng8 16. Rfe1+ Kf8 17. Bxh7 1-0

[Event "São Paulo Time"]
[Site "http://www.queenalice.com/game.php?id=691870"]
[Date "2009.12.2"]
[Round "4"]
[White "Barrettto"]
[Black "carina"]
[Result "0-1"]
[WhiteElo "1643"]
[BlackElo "1694"]

1. e3 d5 2. d4 Nf6 3. Nf3 e6 4. c3 Ne4 5. g3 Bd7 6. h4 Bd6 7. Nh2 Nxg3 8. Rg1
Nxf1 9. Nxf1 O-O 10. e4 Qxh4 11. Rg4 Qh1 12. e5 Bb5 13. c4 Bxc4 14. Nd2 Bb4 15.
Qe2 Bxe2 16. Kxe2 c5 17. Nf3 Nc6 18. Be3 cxd4 19. Bxd4 h5 20. Rh4 Nxd4+ 21. Kd3
Qxf3+ 0-1

[Event "AUTO-INT-1469"]
[Site "http://www.queenalice.com/game.php?id=706737"]
[Date "2010.1.1"]
[Round "2"]
[White "Liesel"]
[Black "Barrettto"]
[Result "1/2-1/2"]
[WhiteElo "1772"]
[BlackElo "1609"]

1. e4 e6 2. d4 Nf6 3. Nc3 d5 4. e5 Ne4 5. Nxe4 dxe4 6. f3 Qd5 7. c4 Qd8 8. fxe4
Qh4+ 9. g3 Qxe4+ 10. Ne2 Qxh1 11. Qb3 Qxh2 12. Bf4 a5 13. O-O-O h6 14. d5 g5 15.
Qb5+ Bd7 16. Qxb7 Ra6 17. Qxb8+ Ke7 18. d6+ cxd6 19. Rxd6 Rxd6 20. Qxd6+ Kd8 21.
Qb6+ Kc8 22. Qxa5 gxf4 23. Qa8+ Kc7 24. gxf4 Bc6 25. Qa7+ Kd8 26. Qb6+ Kd7 27.
Qa7+ Ke8 28. Qc7 Be4 29. Qc8+ Ke7 30. Qc7+ Ke8 31. Qc8+ Ke7 32. Qc7+ Ke8 1/2-1/2

[Event "AUTO-INT-1469"]
[Site "http://www.queenalice.com/game.php?id=706738"]
[Date "2010.1.1"]
[Round "2"]
[White "Barrettto"]
[Black "Liesel"]
[Result "0-1"]
[WhiteElo "1629"]
[BlackElo "1719"]

1. e3 e5 2. Qh5 Nc6 3. Nc3 Nf6 4. Qd1 Bb4 5. a4 d5 6. Nb1 Bf5 7. f3 O-O 8. c3
Bc5 9. d3 a6 10. g4 Bg6 11. b4 Ba7 12. h4 h6 13. Nh3 Re8 14. Bg2 e4 15. dxe4
dxe4 16. f4 Qxd1+ 17. Kxd1 Nxg4 18. Ra2 Nxe3+ 19. Bxe3 Bxe3 0-1

[Event "AUTO-INT-1469"]
[Site "http://www.queenalice.com/game.php?id=706741"]
[Date "2010.1.1"]
[Round "2"]
[White "Barrettto"]
[Black "Adilson22"]
[Result "1-0"]
[WhiteElo "1625"]
[BlackElo "1512"]

1. e3 e5 2. Qh5 Nc6 3. Bc4 g6 4. Qf3 Nf6 5. c3 d5 6. Bb5 Bd7 7. Bxc6 Bxc6 8. d3
d4 9. Qd1 Bxg2 10. e4 Bxh1 11. Qa4+ c6 12. Qb3 b5 13. Nh3 h6 14. a4 dxc3 15.
Nxc3 1-0

[Event "AUTO-INT-1469"]
[Site "http://www.queenalice.com/game.php?id=706742"]
[Date "2010.1.1"]
[Round "2"]
[White "Adilson22"]
[Black "Barrettto"]
[Result "0-1"]
[WhiteElo "1524"]
[BlackElo "1613"]

1. e4 e5 2. Nf3 f6 3. d4 d6 4. d5 f5 5. Nc3 f4 6. g3 Bd7 7. gxf4 exf4 8. Bxf4 h5
9. Qd4 c5 10. dxc6 bxc6 11. Bxd6 Bxd6 12. Qxd6 Rh6 0-1

[Event "AUTO-OPEN-1974"]
[Site "http://www.queenalice.com/game.php?id=774457"]
[Date "2010.5.12"]
[Round "1"]
[White "Barrettto"]
[Black "KAXY"]
[Result "0-1"]
[WhiteElo "1529"]
[BlackElo "1570"]

1. e3 d5 2. d4 Nf6 3. Nc3 e6 4. f4 Bb4 5. a3 Bxc3+ 6. bxc3 Ne4 7. g3 Nxc3 8. Qd3
Ne4 9. Nh3 h6 10. c4 c6 11. c5 b6 0-1

[Event "AUTO-OPEN-1974"]
[Site "http://www.queenalice.com/game.php?id=774458"]
[Date "2010.5.12"]
[Round "1"]
[White "KAXY"]
[Black "Barrettto"]
[Result "1-0"]
[WhiteElo "1584"]
[BlackElo "1515"]

1. d4 e6 2. e4 Qh4 3. Bd3 Qd8 4. Nc3 f6 5. Nge2 c5 6. dxc5 Bxc5 7. a3 e5 8. Ng3
g6 9. O-O d6 10. Nd5 a6 11. b4 Ne7 12. Nxf6+ 1-0